000 00455nam a2200181Ia 4500
008 100917s9999 xx 000 0 und d
082 _b61251
100 _aमधुकर
245 _aरिंगण
260 _bमेनका प्रकाशन
_c1965
300 _a176
365 _b6
520 _aकादंबरी
630 _aरिंगण
650 _aकादंबरी
730 _aरिंगण
942 _cBOOK
999 _c666645
_d666642